000 01150 a2200193 4500
001 30185
005 20260407155613.0
008 260407a1968 arg spa d
003 AR-UNSa-BCEJYS
040 _aAR-UNSa-BCEJYS
_bspa
_cAR-UNSa-BCEJYS
080 _a657.474.55
_xCostes directos e indirectos. Costes marginales
245 1 0 _aTécnicas dl costo directo
264 1 _aMéxico :
_bEditora Técnica
_c1968
300 _a251 p.
_c23 cm.
505 _a1. Significado del costeo directo - 2. Informes del costeo directo - 3. Control por medio de los costos directos - 4. Costos éstandar por el procedimiento de costeo directo - 5. Distinción entre costos directos y costos fijos - 6. Inventarios y costos directos - 7. Fijación de precios y costos directos - 8. Costeo directo en compañias mercantiles y de servicios - 9. Instalación del sistema de costo directo - 10. Costeo directo en la toma de desiciones - 11. Informes a los accionistas y al público - 12. Impuestos sobre renta y costeo directo - 13. Peligros que acechan al costeo directo
942 _cBK
590 _aniveau_biblio:m niveau_hierar:0
100 1 _aWoolsey, Samuel M.
999 _c2047
_d2047